Statistics for Most Remote Continental Capital Cities

Click here to take the quiz!

General Stats

  • This quiz has been taken 84 times
  • The average score is 15 of 21

Answer Stats

DistanceCapital% Correct
732 kmOttawa
96%
1,139 kmSantiago
96%
1,460 kmBrasilia
94%
732 kmWashington
94%
1,170 kmUlaanbaatar
93%
728 kmBogota
90%
1,316 kmLima
90%
1,058 kmMexico City
90%
1,048 kmSucre
88%
810 kmBeijing
86%
1,026 kmCaracas
86%
728 kmQuito
82%
954 kmAstana
79%
1,034 kmAsuncion
79%
892 kmN'Djamena
50%
709 kmAnkara
49%
929 kmWindhoek
49%
1,017 kmMogadishu
35%
783 kmBangui
32%
997 kmKuala Lumpur
26%
709 kmNaypyidaw
18%

Score Distribution

Percentile by Number Answered

Percent of People with Each Score

Your Score History

You have not taken this quiz